000 00678cam a2200217 a 4500
020 _a0070198721 (alk. paper) :
040 _cDLC
082 0 0 _a808 MCG 1994 A094 Or.
245 0 0 _aFact, value, policy :
_breading and writing arguments /
260 _aNew York :
_bMcGraw-Hill,
_cc1994.
300 _axix, 534 p. ;
_c24 cm.
500 _aIncludes index.
650 0 _aEnglish language
650 0 _aPersuasion (Rhetoric)
650 0 _aCollege readers.
650 0 _aReport writing.
700 1 _aFairbanks, A. Harris.
856 4 2 _uhttp://www.loc.gov/catdir/description/mh022/93001665.html
856 4 1 _uhttp://www.loc.gov/catdir/toc/mh021/93001665.html
942 _cEK
999 _c12787
_d12787